000
00178nam a22000977a 4500
041
_a
eng
080
_a
80
100
_a
Lewitow, N.
245
_a
Psychologia pracy.
999
_c
280903
_d
280903
942
_c
BK